Sports Quiz

Random Sports or Soccer Quiz

Soccer Clubs 3 Quiz Stats

 Plays Quiz not verified by Sporcle

Score 0/167 Timer 20:00
0 Plays Today
% Correct
Football Club København
66.7%
Sportklub Rapid Wien
63.3%
Nogometni klub Dinamo Zagreb
53.3%
Fotbal Club CFR 1907 Cluj
50%
Fotbal Club Rapid Bucureşti
50%
Fotbal Club Steaua Bucureşti
50%
Klub Piłkarski Legia Warszawa SSA
50%
FC Red Bull Salzburg
50%
Brøndbyernes Idrætsforening
46.7%
Sønderjysk Elitesport
46.7%
Fußballklub Austria Wien
46.7%
Berner Sport Club Young Boys
46.7%
Fussball-Club Zürich
46.7%
Al-Ahly
43.3%
Wisła Kraków Spółka Akcyjna
43.3%
Sportklub Puntigamer Sturm Graz
43.3%
Grasshopper Club Zürich
43.3%
Team Wellington
43.3%
Football Club Seoul
40%
Aalborg Boldspilklub
40%
Hrvatski nogometni klub Hajduk Split
36.7%
Beijing Guoan Football Club
36.7%
KKS Lech Poznań
33.3%
Shanghai Shenhua Football Club
33.3%
Auckland City Football Club
33.3%
Fotbal Club Unirea Urziceni
30%
Klub Sportowy Widzew Łódź
30%
Fussballclub Thun 1898
30%
Fotbal Club Dinamo Bucureşti
26.7%
Zamalek sporting club
26.7%
Odense Boldklub
26.7%
Fotbal Club Politehnica Timişoara
23.3%
Suwon Samsung Bluewings Football Club
23.3%
Ośrodek Szkolenia Piłkarskiego Lechia Gdańsk
20%
Al-Ittihad Al-Sakandary
20%
Busan I'Park Football Club
20%
Mumbai Football Club
20%
Fussball Club Basel 1893
20%
Chongqing Lifan Football Club
16.7%
Dalian Shide Football Club
16.7%
Tianjin Teda Football Club
16.7%
Football Club Pohang Steelers
16.7%
Ulsan Hyundai Football Club
16.7%
Neuchâtel Xamax FC
16.7%
FC Oţelul Galaţi
13.3%
Klub Sportowy Polonia Bytom Spółka Akcyjna
13.3%
Nogometni klub Zadar
13.3%
Hrvatski nogometni klub Rijeka
13.3%
Shenzhen Ruby Football Club
13.3%
Incheon United Football Club
13.3%
Churchill Brothers Sports Club
13.3%
SV Bauwelt Koch Mattersburg
13.3%
Fußball club Wacker Innsbruck
13.3%
Football Club St. Gallen 1879
13.3%
S.C. Sporting Club S.A. Vaslu
10%
Miejski Klub Sportowy Cracovia
10%
% Correct
Hangzhou Nabel Greentown Football Club
10%
Qingdao Jonoon Football Club
10%
Daegu Football Club
10%
Seongnam Ilhwa Chunma Football Club
10%
Esbjerg forenede Boldklubber
10%
Silkeborg Idrætsforening
10%
Linzer-Athletik-Sport-Klub
10%
Fussball Club Luzern
10%
Fussball Club Sion
10%
Fotbal Club Astra Ploieşti
6.7%
Fotbal Club Braşov
6.7%
Fotbal Club Victoria Brăneşti
6.7%
Chonburi Football Club
6.7%
Pattaya United Football Club
6.7%
INSEE Police United Football Club
6.7%
Wrocławski Klub Sportowy Śląsk Wrocław SA
6.7%
Korona Kielce
6.7%
Klub Sportowy Górnik Zabrze
6.7%
PGE Górniczy Klub Sportowy Bełchatów
6.7%
Arka Gdynia 1929
6.7%
Nogometni klub Varaždin
6.7%
Nogometni klub Osijek
6.7%
Nogometni klub Zagreb
6.7%
Nogometni klub Inter Zaprešić
6.7%
Nogometni klub Hrvatski dragovoljac
6.7%
Changchun Yatai Football Club
6.7%
Changsha Ginde Football Club
6.7%
Henan Construction Football Club
6.7%
Shandong Luneng Taishan Football Club
6.7%
Pune Football Club
6.7%
Alliance Club Horsens
6.7%
Randers Football Club
6.7%
SV Josko Fenster Ried
6.7%
Canterbury United Football Club
6.7%
Waitakere United
6.7%
Club Sportiv Gaz Metan Mediaş
3.3%
Asociaţia Club Fotbal Gloria 1922 Bistriţa
3.3%
FC Sportul Studenţesc Bucureşti
3.3%
Fotbal Club Universitatea Cluj
3.3%
Fotbal Club Universitatea Craiova
3.3%
Bangkok Glass Football Club
3.3%
Muangthong United Football Club
3.3%
Royal Thai Army FC
3.3%
ENPPI Club
3.3%
Zagłębie Lubin SA
3.3%
Ruch Chorzów S.A.
3.3%
Klub Sportowy Polonia Bytom Spółka Akcyjna
3.3%
Jagiellonia Białystok
3.3%
Hrvatski nogometni klub Cibalia
3.3%
Hrvatski nogometni klub � ibenik
3.3%
Nogometni klub Istra 1961
3.3%
Haras El-Hodood Club
3.3%
Ismaily Sporting Club
3.3%
Daejeon Citizen Football Club
3.3%
Gwangju Sangmu Football Club
3.3%
Jeonbuk Hyundai Motors Football Club
3.3%
% Correct
Football Club Air India
3.3%
Kingfisher East Bengal Football Club
3.3%
Mohun Bagan Athletic Club
3.3%
Football Club Midtjylland
3.3%
Football Club Nordsjælland
3.3%
Lyngby Boldklub af 1921
3.3%
Kapfenberger Sportvereinigung Superfund
3.3%
Associazione Calcio Bellinzona
3.3%
Hawke's Bay United Football Club
3.3%
Otago United Football Club
3.3%
Waikato Football Club
3.3%
YoungHeart Manawatu
3.3%
Clubul Sportiv Pandurii Lignitul Târgu Jiu
0%
Fotbal Club Municipal Târgu Mureş
0%
Bangkok United Football Club
0%
BEC Tero Sasana Football Club
0%
Buriram PEA Football Club
0%
Osotspa Saraburi Football Club
0%
Rajnavy Rayong Football Club
0%
Samut Songkhram Football Club
0%
Sisaket Football Club
0%
Thai Port Football Club
0%
TOT-CAT Football Club
0%
TTM Phichit Football Club
0%
Nogometni klub Slaven Belupo
0%
Radnički nogometni klub Split
0%
Nogometni klub Karlovac
0%
Nogometni klub Lokomotiva Zagreb
0%
El-Entag El-Harby
0%
Tala'ea El-Gaish
0%
El Gouna Football Club
0%
Al-Masry Club
0%
Misr Lel Makasa
0%
Al-Mokaweloon Al-Arab
0%
PetroJet Football Club
0%
Ittihad El-Shorta
0%
Smouha Sporting Club
0%
Wadi Degla Football Club
0%
Jiangsu Sainty Football Club
0%
Liaoning Whowin Football Club
0%
Nanchang Hengyuan Football Club
0%
Shaanxi Zhongjian Chanba Football Club
0%
Chunnam Dragons Football Club
0%
Gangwon Football Club
0%
Gyeongnam Football Club
0%
Jeju United Football Club
0%
AIFF XI
0%
Chirag United Sports Club
0%
Dempo Sports Club
0%
Hindustan Aeronautics Limited Sports Club
0%
Jagatjit Cotton & Textile Mills Football Club
0%
Oil and Natural Gas Corporation Football Club
0%
Salgaocar Sports Club
0%
Viva Kerala Football Club
0%
SC Magna Wiener Neustadt
0%

You're not logged in!

Compare scores with friends on all Sporcle quizzes.
OR
Log In

Show Comments

Extras

Created Nov 25, 2010ReportNominate
Tags:Soccer Quiz, club

Top Quizzes Today


Score Distribution

Your Account Isn't Verified!

In order to create a playlist on Sporcle, you need to verify the email address you used during registration. Go to your Sporcle Settings to finish the process.

Report this User

Report this user for behavior that violates our Community Guidelines.

Details: